Trendy rozvoja marketingovej komunikácie cestovného ruchu

Súčasné fungovanie marketingovej komunikácie, prebiehajúce zmeny a inovácie, ktoré si žiadali rozšíriť základný komunikačný mix o nové kreatívne trendy. Predpoklady úspechu na trhu cestovného ruchu a nové nástroje komunikačného mixu.

Salvato in:
Dettagli Bibliografici
Autore principale: Mišúnová, Ema
Natura: Capitolo di libro
Lingua:slovacco
Soggetti:
Tags: Aggiungi Tag
Nessun Tag, puoi essere il primo ad aggiungerne!!

MARC

LEADER 00000nla a2200000 4500
001 0207839
005 20240502073445.9
041 0 |a slo 
044 |a SK 
245 1 0 |a Trendy rozvoja marketingovej komunikácie cestovného ruchu  |c Ema Mišúnová 
520 |a Súčasné fungovanie marketingovej komunikácie, prebiehajúce zmeny a inovácie, ktoré si žiadali rozšíriť základný komunikačný mix o nové kreatívne trendy. Predpoklady úspechu na trhu cestovného ruchu a nové nástroje komunikačného mixu. 
610 2 0 |a ruch cestovný 
610 2 0 |a politika ruchu cestovného 
610 2 0 |a kreativita 
610 2 0 |a inovácia 
610 2 0 |a komunikácia marketingová 
610 2 0 |a nástroje marketingové 
100 1 |a Mišúnová, Ema